000 01107cam a2200253Ii 4500
999 _c5841
_d5841
003 OSt
005 20220624073453.0
008 220624b ||||| |||| 00| 0 eng d
035 _a01010693
040 _cALUPE UNIVERSITY
050 1 _aQM601
_b.H36 1966
082 _a612.64
100 1 _aHamilton, W. J.
_q(William James),
_d1903-1975.
_0http://id.loc.gov/authorities/names/n50019985
245 1 0 _aHuman embryology :
_bprenatal development of form and function /
_cby W.J. Hamilton, J.D. Boyd and H.W. Mossman ; illus. by A.K. Maxwell.
250 _a[3rd ed.]
260 _aBaltimore :
_bWilliams & Wilkins Co.,
_c1966.
300 _aviii, 493 p. :
_bill. (part col.)
504 _aincludes bibliographical references and index
650 2 _aEmbryology.
_0https://id.nlm.nih.gov/mesh/D004626
650 2 _aDevelopmental Biology.
_0https://id.nlm.nih.gov/mesh/D015509
700 1 _aBoyd, J. D.
_q(James Dixon),
_d1907-1968.
_0http://id.loc.gov/authorities/names/n85816501
700 1 _aMossman, Harland W.
_q(Harland Winfield),
_d1898-
_0http://id.loc.gov/authorities/names/n85015633
942 _2lcc
_cBK
_nJO